Datum a čas kvízu

39.5 Celkem bodů Celkový počet nahraných bodů na tomto kvízu bez doplňovacích otázek.
4. Pořadí na kvízu Konečné umístění týmu na tomto kvízu.

Zaznamenané odpovědi

# Otázka Odpověď Body Výsledky
1. Možný budoucí premiér Andrej B... 1D 2C 3A 4B 1
2. Již poněkolikáté vyhrál volby... po Adolfu Hitlerovi 1
3. Streamovací platforma Netflix... Stranger Things 1
4. Která automobilka představila... Škoda Auto 1
5. Kterému hráči se minulý týden... Kylian Mbappé 1
6. Seřaďte tyto ostrovy dle rozlo... 1D 2B 3A 4C 0
7. Nyní přiřaďte ostrovy ke států... 1A 2D 3C 4B 1
8. Kterému ostrovnímu středomořsk... Kypr 0
9. Nyní si odskočíme ke kinematog... Řek Zorba, Anthony Quinn 1
10. Ke kterému středomořskému ostr... Elba 1